000 00377nam a2200157Ia 4500
008 230917s9999||||xx |||||||||||||| ||und||
040 _e210245
_aMAIN
041 _aEnglish
082 _a512.5 B629B(2)
100 _aBlyth, T S
245 0 _aBasic linear algebra
250 _a2nd ed.
260 _aNew Delhi
_bSpringer(India)
_c2009
300 _aix, 232 p.
942 _cBK
999 _c175115
_d175115